| 000 | 00825nam a22002771 4500 | ||
|---|---|---|---|
| 001 | 18775 | ||
| 003 | BD-RjUL | ||
| 005 | 20211209000331.0 | ||
| 008 | 140222s1967 enk b 000 d eng | ||
| 035 | _a(BD-RjUL)18833 | ||
| 035 | _a(OCoLC)8981261 | ||
| 040 |
_aDLC _cTxEU _dDLC _dBD-RjUL _beng |
||
| 041 | _aeng | ||
| 082 |
_a822.5 _bLIF 1967 |
||
| 100 | 1 |
_aLillo, George, _d1693-1739. _957879 |
|
| 245 | 1 | 0 |
_aFatal curiosity / _cedited by William H. McBurney. |
| 260 |
_aLondon : _bEdward Arnold, _cc1967. |
||
| 300 |
_axxv, 69 p. ; _c21 cm. |
||
| 490 | 0 | _aRegents Restoration drama series | |
| 504 | _aBibliographical notes. | ||
| 650 | 0 |
_aEnglish drama _yRestoration, 1660-1700. _957880 |
|
| 700 | 1 |
_aMcBurney, William Harlin, _eed. _957881 |
|
| 942 |
_2ddc _cBK |
||
| 999 |
_c18775 _d18775 |
||